000 00424nam a2200145 a 4500
001 000025437
005 20200930023804.0
008 110216s1973 dr 000 0 spa d
040 _aDO-SdBNP
_bspa
_cBNPHU
100 1 _aHeriquez I Carvajal, Federico
_952040
245 1 3 _aEl dilema. /
_cFederico Heriquez I Carvajal.
260 _aSanto Domingo :
_bCultural Dominicana,
_c1973.
300 _a125 p. ;
_c20 cm.
049 _aBNPD
999 _c24929
_d24929